Les albums de Tintin - Statistiques

Statistiques générales
  • Ce quiz a été pris 258 fois
  • Le résultat moyen est 15 sur 24
Statistiques - réponses
Dates Albums % Correct
1931 Tintin au Congo
94%
1932 Tintin en Amérique
85%
1953 Objectif Lune
78%
1954 On a marché sur la Lune
78%
1960 Tintin au Tibet
77%
1936 Le Lotus bleu
75%
1963 Les Bijoux de la Castafiore
75%
1944 Le Trésor de Rackham le Rouge
68%
1934 Les Cigares du pharaon
67%
1958 Coke en stock
65%
1943 Le Secret de La Licorne
65%
1956 L'Affaire Tournesol
63%
1939 Le Sceptre d'Ottokar
63%
1938 L'Île Noire
63%
1976 Tintin et les Picaros
62%
1942 L'Etoile mystérieuse
60%
1937 L'Oreille cassée
60%
1948 Les Sept Boules de cristal
58%
1930 Tintin au pays des Soviets
56%
1941 Le Crabe aux pinces d'or
54%
1949 Le Temple du Soleil
52%
1968 Vol 714 pour Sydney
49%
1950 Tintin au pays de l'or noir
47%
1986 Tintin et l'Alph-Art
35%
Aucun quiz correspondant
Distribution des résultats
% des personnes avec chaque résultat
Percentile par nombre de réponses
Votre historique - résultats
Vous n’avez pas pris ce quiz